Holiday Quiz

Random Holiday or Letter Quiz
Score 0/20 Timer 03:00
7 Plays Today
Question Answer Wrong Answers
February holiday associated with love and romance

El
86.3%
Noel
4.1%
Christian celebration of the birth of Jesus, often otherwise associated with figures such as Santa Claus Noel
86.3%
El
4.4%
Holiday celebrating the civil rights leader famous for giving his 'I Have a Dream' speech El
85.9%
Noel
4.4%
Holiday on which children travel door to door asking for candy

El
85.8%
Noel
4.9%
Holiday on which celebrants prank one another then yell the holiday's name at one another El
85.1%
Noel
5.2%
Holiday on which people make 'resolutions' (which may or may not be kept) and the ball is dropped in Times Square Noel
84.5%
El
6%
Either holiday celebrating one particular parent

Noel
84.1%
El
6.4%
Holiday celebrating the planet on which humans live

Noel
83.3%
El
7.5%
March holiday associated with the color green, Ireland, and leprechauns Noel
83.3%
El
7.1%
French national holiday commemorating the storming of a fortress in 1789 El
82.5%
Noel
7.8%
Holiday celebrating everyone's favorite ratio of a circle's circumference to its diameter Noel
82%
El
8.4%
American celebration of the previous year's success; associated with the Pilgrims' arrival in the New World Noel
80%
El
10.7%
American holiday in September celebrating advancements in the workplace El
78.7%
Noel
11.7%
Holiday on which an animal's meteorology skills are tested

Noel
76.1%
El
13.9%
British holiday commemorating the failure of the Gunpowder Plot

Noel
74.1%
El
16%
Jewish Festival of Lights

Noel
73.7%
El
16.7%
Hindu, Sikh, and Jainist Festival of Lights

El
68.7%
Noel
21.6%
September holiday on which one might say 'Arrr!' or 'Ahoy!'

El
65.2%
Noel
25.2%
American holiday in May celebrating the lives of those who have given their lives in service to the nation El
61.5%
Noel
29%
Hindu Festival of Spring

El
60.8%
Noel
29.2%

You're not logged in!

Compare scores with friends on all Sporcle quizzes.
OR
Log In

Sporcle TV

Today on Sporcle TV


Watch our educational content, quiz creation guides, and fun videos on Sporcle TV.

Show Comments

Extras

Top Quizzes Today


Score Distribution

Paid Content

Your Account Isn't Verified!

In order to create a playlist on Sporcle, you need to verify the email address you used during registration. Go to your Sporcle Settings to finish the process.

Report this User

Report this user for behavior that violates our Community Guidelines.

Details: